00567nam a2200193Ia 4500001001000000003000500010008004100015010001100056040000900067082001600076100002300092245013600115260002200251300001100273650002700284650002200311700001800333700002200351Para_1821CHAP220125s1990 xx 000 0 und d a200434 cCHAP aPA 635.8 B7 aBresinsky, Andreas aA colour atlas of poisonous fungi :b a handbook for pharmacists, doctors, and biologists /c by Andreas Bresinsky and Helmut Besl aLondon :b Walfe a295 p. aHongos x nomenglatura aHongos venenosos  aBesl, Helmut  aBisset, Norman G.